[Event "Benidorm FEDC op 22th"]
[Site "Benidorm"]
[Date "2019.06.12"]
[Round "4"]
[White "Saez Gabikagogeaskoa, Oscar"]
[Black "Monmeneu Chulia, Vicente Juan"]
[Result "1-0"]
[WhiteElo "1973"]
[BlackElo "1881"]
[PlyCount "53"]
[EventDate "2019.06.09"]
[EventType "swiss"]
[EventRounds "7"]
[EventCountry "ESP"]
[SourceTitle "EXT 2024"]
[Source "ChessBase"]
[SourceDate "2023.10.10"]
[SourceVersion "1"]
[SourceVersionDate "2023.10.10"]
[SourceQuality "1"]

1. e4 c5 2. Nf3 e6 3. d4 cxd4 4. Nxd4 a6 5. c4 Nf6 6. Nc3 Qc7 7. a3 b6 8. Be3 Bb7 9. f3 d6 10. Be2 Nbd7 11. 0-0 Be7 12. Rc1 0-0 13. Qd2 Rfc8 14. Rfd1 Qd8 15. b4 Rab8 16. Qe1 Ba8 17. Qf2 Ne5 18. c5 bxc5 19. bxc5 Qa5 20. cxd6 Bxd6 21. Bd2 Qxa3 22. Ra1 Qc5 23. Rdc1 Qb4 24. Bxa6 Qxd4 25. Qxd4 Bc5 26. Be3 Bxd4 27. Bxd4 1-0

[Event "ESP-ch FEDC 27th"]
[Site "Almunecar"]
[Date "2018.11.30"]
[Round "5"]
[White "Monmeneu Chulia, Vicente Juan"]
[Black "Garcia Andrinal, Antonio"]
[Result "1-0"]
[WhiteElo "1939"]
[BlackElo "1657"]
[PlyCount "68"]
[EventDate "2018.11.26"]
[EventType "swiss"]
[EventRounds "8"]
[EventCountry "ESP"]
[SourceTitle "EXT 2024"]
[Source "ChessBase"]
[SourceDate "2023.10.10"]
[SourceVersion "1"]
[SourceVersionDate "2023.10.10"]
[SourceQuality "1"]

1. d4 d5 2. c4 e5 3. dxe5 d4 4. Nf3 Nc6 5. a3 Bg4 6. Nbd2 Nge7 7. h3 Bxf3 8. Nxf3 Ng6 9. Qb3 Rb8 10. Bg5 Be7 11. Bxe7 Qxe7 12. 0-0-0 0-0 13. Nxd4 Nxd4 14. Rxd4 Qxe5 15. e3 a6 16. Be2 Ne7 17. Rhd1 Nc6 18. Rd5 Qf6 19. Bf3 b5 20. cxb5 axb5 21. Rc5 Na5 22. Qc3 Qxc3+ 23. Rxc3 c5 24. b4 cxb4 25. axb4 Rbc8 26. Rdd3 Nc4 27. Kb1 Nd2+ 28. Kc2 Rxc3+ 29. Rxc3 Nxf3 30. gxf3 f6 31. Rc5 Ra8 32. Rxb5 Ra2+ 33. Kd3 Rxf2 34. Ke4 Rxf3 1-0

[Event "ESP-ch FEDC 26th"]
[Site "Ciudad Real"]
[Date "2017.11.16"]
[Round "5.11"]
[White "Espadina Solano, Jaime E"]
[Black "Monmeneu Chulia, Vicente Juan"]
[Result "0-1"]
[WhiteElo "1680"]
[BlackElo "1907"]
[PlyCount "84"]
[EventDate "2017.11.12"]
[EventType "swiss"]
[EventRounds "8"]
[EventCountry "ESP"]
[SourceTitle "EXT 2024"]
[Source "ChessBase"]
[SourceDate "2023.10.10"]
[SourceVersion "1"]
[SourceVersionDate "2023.10.10"]
[SourceQuality "1"]

1. e4 e6 2. d3 d5 3. Nd2 c5 4. Ngf3 Nc6 5. g3 g6 6. Bg2 Bg7 7. 0-0 Nge7 8. Nh4 0-0 9. f4 Rb8 10. a4 b6 11. e5 f6 12. exf6 Bxf6 13. Ndf3 Nf5 14. Nxf5 exf5 15. c3 Ba6 16. Re1 Re8 17. Rxe8+ Qxe8 18. Ne5 Nxe5 19. fxe5 Bxe5 20. Bxd5+ Kg7 21. d4 cxd4 22. cxd4 Bf6 23. Bf4 Rd8 24. Qf3 Bxd4+ 25. Kh1 Qe7 26. Rc1 Rxd5 27. Qxd5 Bb7 28. Rc6 Bxc6 29. Qxc6 Bxb2 30. Qc2 Qe4+ 31. Qxe4 fxe4 32. Kg2 Kf6 33. Bb8 a6 34. Kf2 Ke6 35. Ke3 Kd5 36. Kf4 Bc1+ 37. Kg4 h5+ 38. Kh4 e3 39. g4 e2 40. Bg3 hxg4 41. Be1 Ke4 42. Kxg4 Kd3 0-1

[Event "Madrid FEDC-ch 25th"]
[Site "Madrid"]
[Date "2016.11.13"]
[Round "8"]
[White "Monmeneu Chulia, Vicente Juan"]
[Black "Delgado Lagares, Francisco Javier"]
[Result "1-0"]
[WhiteElo "1911"]
[BlackElo "1701"]
[PlyCount "97"]
[EventDate "2016.11.06"]
[EventType "swiss"]
[EventRounds "8"]
[EventCountry "ESP"]
[SourceTitle "CBM 175 Extra"]
[Source "ChessBase"]
[SourceDate "2016.12.12"]
[SourceVersion "1"]
[SourceVersionDate "2016.12.12"]
[SourceQuality "1"]

1. d4 d5 2. c4 e6 3. Nf3 Nf6 4. g3 c6 5. Qc2 g6 6. Bg2 Bg7 7. 0-0 0-0 8. Rd1 Nbd7 9. Nc3 Nb6 10. c5 Nbd7 11. Bf4 Nh5 12. Bd6 Re8 13. Ne5 Nxe5 14. dxe5 Bh8 15. f4 Ng7 16. e4 f5 17. exf6 Qxf6 18. e5 Qf7 19. Bh3 Nf5 20. Bxf5 exf5 21. Ne2 Bg7 22. Nd4 Be6 23. b4 a6 24. a4 Bd7 25. Qd3 Bf8 26. Rdc1 Bxd6 27. cxd6 Rac8 28. Rc3 a5 29. bxa5 Ra8 30. Rc5 Ra7 31. Rb1 Rea8 32. Qc3 Qe8 33. Rb6 Kf7 34. Qb4 Qc8 35. Kf2 h6 36. Qd2 Qd8 37. Qb4 Qc8 38. Nb3 g5 39. Rc1 Rb8 40. Nc5 gxf4 41. gxf4 Qd8 42. Qc3 Qh4+ 43. Qg3 Qxg3+ 44. hxg3 Be6 45. a6 Rba8 46. Rxb7+ Rxb7 47. axb7 Rb8 48. a5 d4 49. a6 1-0

[Event "Madrid FEDC-ch 25th"]
[Site "Madrid"]
[Date "2016.11.06"]
[Round "1"]
[White "Monmeneu Chulia, Vicente Juan"]
[Black "Arranz Fraile, Javier"]
[Result "1-0"]
[WhiteElo "1911"]
[BlackElo "1583"]
[PlyCount "23"]
[EventDate "2016.11.06"]
[EventType "swiss"]
[EventRounds "8"]
[EventCountry "ESP"]
[SourceTitle "CBM 175 Extra"]
[Source "ChessBase"]
[SourceDate "2016.12.12"]
[SourceVersion "1"]
[SourceVersionDate "2016.12.12"]
[SourceQuality "1"]

1. d4 g6 2. e4 Bg7 3. Nc3 c5 4. Nf3 Nc6 5. d5 Ne5 6. Bf4 d6 7. Nxe5 dxe5 8. Be3 Qa5 9. Bb5+ Kf8 10. d6 exd6 11. Qxd6+ Ne7 12. Bxc5 1-0

[Event "Benidorm Ciegos-ch 15th"]
[Site "Benidorm"]
[Date "2015.06.12"]
[Round "6"]
[White "Monmeneu Chulia, Vicente Juan"]
[Black "Mesa Garcia, Angel"]
[Result "1-0"]
[WhiteElo "1832"]
[BlackElo "1715"]
[PlyCount "89"]
[EventDate "2015.06.07"]
[EventType "swiss"]
[EventRounds "7"]
[EventCountry "ESP"]
[SourceTitle "CBM 167 Extra"]
[Source "ChessBase"]
[SourceDate "2015.09.14"]
[SourceVersion "1"]
[SourceVersionDate "2015.09.14"]
[SourceQuality "1"]

1. d4 d5 2. c4 e6 3. Nf3 Nf6 4. g3 Be7 5. Bg2 0-0 6. 0-0 c6 7. b3 Nbd7 8. Bb2 b6 9. Nc3 Bb7 10. Qd3 Qc7 11. e4 dxe4 12. Nxe4 Nxe4 13. Qxe4 c5 14. Qe2 Rfd8 15. d5 Nf8 16. Rfe1 Rd7 17. Ne5 Rdd8 18. Ng4 Re8 19. h4 exd5 20. Qf3 h5 21. Ne3 d4 22. Qxb7 Qxb7 23. Bxb7 Rab8 24. Bc6 dxe3 25. Bxe8 exf2+ 26. Kxf2 Rxe8 27. Rad1 Ne6 28. Rd7 a5 29. Rb7 Bd8 30. Rd1 Kf8 31. Rdd7 Re7 32. Rxe7 Bxe7 33. Rxb6 Bd8 34. Rb7 g6 35. a4 f5 36. Kf3 Bc7 37. Bc3 Ke8 38. Ra7 g5 39. hxg5 Nxg5+ 40. Kg2 Bxg3 41. Kxg3 Ne4+ 42. Kf4 Nxc3 43. Kxf5 Ne2 44. Rxa5 Nd4+ 45. Kg5 1-0

[Event "Benidorm Ciegos-ch 15th"]
[Site "Benidorm"]
[Date "2015.06.10"]
[Round "4"]
[White "Monmeneu Chulia, Vicente Juan"]
[Black "Martinez Morina, Manel"]
[Result "1-0"]
[WhiteElo "1832"]
[BlackElo "1765"]
[PlyCount "75"]
[EventDate "2015.06.07"]
[EventType "swiss"]
[EventRounds "7"]
[EventCountry "ESP"]
[SourceTitle "CBM 167 Extra"]
[Source "ChessBase"]
[SourceDate "2015.09.14"]
[SourceVersion "1"]
[SourceVersionDate "2015.09.14"]
[SourceQuality "1"]

1. d4 d5 2. c4 e6 3. Nf3 Nf6 4. g3 Be7 5. Bg2 0-0 6. 0-0 c5 7. cxd5 Nxd5 8. dxc5 Bxc5 9. a3 Be7 10. e4 Nf6 11. Nc3 Nc6 12. Bf4 Qb6 13. Qe2 Nd7 14. e5 a6 15. Rfd1 Rd8 16. b4 Nf8 17. Rxd8 Qxd8 18. Rd1 Qc7 19. Ne4 Ng6 20. Qc2 Nxf4 21. gxf4 Bd7 22. Neg5 g6 23. h4 Rc8 24. Qb1 Bxg5 25. Nxg5 Ne7 26. Ne4 Bc6 27. Nf6+ Kg7 28. Bxc6 Qxc6 29. Qd3 Ng8 30. Ne4 Ne7 31. Nd6 Rc7 32. Qg3 Nf5 33. Qg5 Rd7 34. Nxf5+ exf5 35. Qf6+ Kg8 36. Rd6 Qc7 37. h5 Re7 38. h6 1-0

[Event "Linares FEDC-ch 24th"]
[Site "Linares"]
[Date "2014.11.16"]
[Round "1"]
[White "Gil Dominguez, Angel Jesus"]
[Black "Monmeneu Chulia, Vicente Juan"]
[Result "0-1"]
[WhiteElo "1571"]
[BlackElo "1851"]
[PlyCount "76"]
[EventDate "2014.11.16"]
[EventType "swiss"]
[EventRounds "8"]
[EventCountry "ESP"]
[SourceTitle "CBM 163 Extra"]
[Source "ChessBase"]
[SourceDate "2014.12.23"]
[SourceVersion "1"]
[SourceVersionDate "2014.12.23"]
[SourceQuality "1"]

1. d4 Nf6 2. c4 g6 3. Nc3 Bg7 4. e4 d6 5. Be3 0-0 6. Nf3 e5 7. d5 Ng4 8. Qd2 Nxe3 9. Qxe3 f5 10. Bd3 Nd7 11. h4 Nf6 12. Ng5 Bh6 13. f4 exf4 14. Qxf4 Nxe4 15. Qh2 Nxg5 16. hxg5 Qe7+ 17. Kf2 Bxg5 18. Rae1 Qg7 19. Re2 h6 20. Qg3 Bd7 21. Rhe1 Qd4+ 22. Kf1 Qh4 23. Qf3 Qh1+ 24. Kf2 Bh4+ 25. g3 Qh2+ 26. Ke3 Qxg3 27. Qxg3 Bxg3 28. Rg1 f4+ 29. Ke4 Bg4 30. Reg2 Rae8+ 31. Kd4 Bf5 32. Ne4 Bxe4 33. Bxe4 Kf7 34. b4 Kf6 35. a4 Re5 36. c5 Rfe8 37. Bf3 Re3 38. Bd1 R8e4# 0-1

[Event "Valladolid Once-ch 23rd"]
[Site "Valladolid"]
[Date "2012.11.22"]
[Round "5"]
[White "Monmeneu Chulia, Vicente Juan"]
[Black "Diez Asensio, Jesus"]
[Result "1/2-1/2"]
[WhiteElo "2011"]
[BlackElo "1858"]
[PlyCount "28"]
[EventDate "2012.11.18"]
[EventType "swiss"]
[EventRounds "8"]
[EventCountry "ESP"]
[SourceTitle "CBM 151 Extra"]
[Source "ChessBase"]
[SourceDate "2012.12.18"]
[SourceVersion "1"]
[SourceVersionDate "2012.12.18"]
[SourceQuality "1"]

1. d4 d5 2. c4 c6 3. Nf3 Nf6 4. e3 Bf5 5. Nc3 e6 6. Nh4 Be4 7. f3 Bg6 8. Nxg6 hxg6 9. Qb3 Qb6 10. cxd5 exd5 11. Qxb6 axb6 12. a4 Bd6 13. f4 Na6 14. Bxa6 Rxa6 1/2-1/2

[Event "Mislata op-B 20th"]
[Site "Mislata"]
[Date "2012.08.18"]
[Round "8"]
[White "Bas Mas, Miguel"]
[Black "Monmeneu Chulia, Vicente Juan"]
[Result "1-0"]
[WhiteElo "1925"]
[BlackElo "1998"]
[PlyCount "119"]
[EventDate "2012.08.13"]
[EventType "swiss"]
[EventRounds "9"]
[EventCountry "ESP"]
[SourceTitle "EXT 2013"]
[Source "ChessBase"]
[SourceDate "2012.11.22"]
[SourceVersion "1"]
[SourceVersionDate "2012.11.22"]
[SourceQuality "1"]

1. e4 d5 2. exd5 Qxd5 3. Nc3 Qd6 4. d4 Nf6 5. Nf3 g6 6. h3 Bg7 7. Bc4 0-0 8. Be3 a6 9. 0-0 b5 10. Bb3 Bb7 11. Ne5 Nbd7 12. f4 Rab8 13. Qe1 c5 14. dxc5 Nxc5 15. Rd1 Qc7 16. Bxc5 Qxc5+ 17. Qf2 Rbc8 18. Qxc5 Rxc5 19. g4 Rc7 20. f5 gxf5 21. Nxf7 Rxf7 22. Rd8+ Bf8 23. Rxf5 e6 24. Bxe6 Kg7 25. Bxf7 Rxf7 26. g5 Be7 27. Rb8 Bd6 28. gxf6+ Kg6 29. Rxb7 Rxb7 30. Rf3 Be5 31. f7 Rxf7 32. Rxf7 Kxf7 33. Nd1 Ke6 34. Kf2 Kd5 35. Ke3 a5 36. Kd3 Bg7 37. b3 b4 38. Ne3+ Kc5 39. Nc4 Kb5 40. Ke4 a4 41. Kd5 a3 42. Nd6+ Ka5 43. Kc4 Bf8 44. Nf5 Kb6 45. Ne3 Ka5 46. Ng2 Kb6 47. Ne1 Ka5 48. Nd3 Be7 49. c3 bxc3 50. Kxc3 Kb5 51. b4 Bf6+ 52. Kb3 Bb2 53. Ne1 Bc1 54. Nc2 Kc6 55. Nxa3 Kd5 56. Nc4 Ke4 57. a4 Kf3 58. a5 Bf4 59. a6 Bb8 60. Ne5+ 1-0

[Event "Mislata op-B 20th"]
[Site "Mislata"]
[Date "2012.08.14"]
[Round "3"]
[White "Monmeneu Chulia, Vicente Juan"]
[Black "Nieves Cabanes, Jose Manuel"]
[Result "1/2-1/2"]
[WhiteElo "1998"]
[BlackElo "1872"]
[PlyCount "65"]
[EventDate "2012.08.13"]
[EventType "swiss"]
[EventRounds "9"]
[EventCountry "ESP"]
[SourceTitle "EXT 2013"]
[Source "ChessBase"]
[SourceDate "2012.11.22"]
[SourceVersion "1"]
[SourceVersionDate "2012.11.22"]
[SourceQuality "1"]

1. d4 d5 2. c4 c6 3. Nf3 Nf6 4. e3 e6 5. Nbd2 Nbd7 6. Bd3 Bd6 7. 0-0 0-0 8. e4 dxe4 9. Nxe4 Nxe4 10. Bxe4 h6 11. Bc2 Re8 12. Qd3 Nf8 13. Re1 b6 14. b3 Bb7 15. Bb2 Qc7 16. c5 Be7 17. b4 Rad8 18. Qe3 Ba6 19. Qc3 Bf6 20. Rad1 Nd7 21. Bb1 Nf8 22. Qc2 Rc8 23. Ne5 Red8 24. f4 Rd5 25. Qc3 Rcd8 26. g3 Re8 27. Ng4 Nd7 28. Qc2 g6 29. Nxh6+ Kh7 30. Ng4 Bg7 31. h4 Nf8 32. Ne5 Bxe5 33. Rxe5 1/2-1/2

[Event "Manises Provincial-ch"]
[Site "Manises"]
[Date "2011.10.15"]
[Round "2"]
[White "Monmeneu Chulia, Vicente Juan"]
[Black "Monton Queralt, Jose Angel"]
[Result "1-0"]
[WhiteElo "1953"]
[BlackElo "2072"]
[PlyCount "55"]
[EventDate "2011.10.01"]
[EventType "swiss"]
[EventRounds "7"]
[EventCountry "ESP"]
[SourceTitle "EXT 2013"]
[Source "ChessBase"]
[SourceDate "2012.11.22"]
[SourceVersion "1"]
[SourceVersionDate "2012.11.22"]
[SourceQuality "1"]

1. d4 Nf6 2. c4 e6 3. Nc3 c5 4. d5 d6 5. e4 exd5 6. cxd5 g6 7. Nf3 a6 8. a4 Bg4 9. h3 Bxf3 10. Qxf3 Nbd7 11. Bf4 Qa5 12. Bd3 b5 13. 0-0 b4 14. Nb1 Qc7 15. Nd2 Nb6 16. Nc4 Nxc4 17. Bxc4 Nd7 18. e5 dxe5 19. d6 Qb8 20. Bxf7+ Kxf7 21. Bxe5+ Ke8 22. Bxh8 Bxd6 23. Rad1 Ra7 24. Qc6 Be7 25. Rfe1 Qb6 26. Qc8+ Qd8 27. Rxe7+ Kxe7 28. Re1+ 1-0

[Event "Mondariz op 8th"]
[Site "Mondariz"]
[Date "2011.04.21"]
[Round "6"]
[White "Monmeneu Chulia, Vicente Juan"]
[Black "Lorenzo Duran, Marcos"]
[Result "0-1"]
[WhiteElo "1978"]
[BlackElo "2140"]
[PlyCount "58"]
[EventDate "2011.04.16"]
[EventType "swiss"]
[EventRounds "8"]
[EventCountry "ESP"]
[SourceTitle "EXT 2012"]
[Source "ChessBase"]
[SourceDate "2011.11.24"]
[SourceVersion "1"]
[SourceVersionDate "2011.11.24"]
[SourceQuality "1"]

1. d4 d5 2. c4 c6 3. Nc3 Nf6 4. e3 a6 5. Nf3 Bf5 6. Be2 h6 7. 0-0 e6 8. Bd2 Nbd7 9. Qb3 Rb8 10. Rfc1 Bd6 11. h3 0-0 12. Be1 Re8 13. Kh1 Qe7 14. a3 Ne4 15. Nxe4 dxe4 16. Ng1 e5 17. Bd2 Qf6 18. c5 Bc7 19. Qc3 Nf8 20. Rd1 Ne6 21. Bc4 exd4 22. exd4 Nxd4 23. Be3 Qe5 24. g3 Nf3 25. Qb3 Qf6 26. Nxf3 exf3 27. Bd4 Qg6 28. Qxf3 Be4 29. Bxf7+ Qxf7 0-1

[Event "Mondariz op 8th"]
[Site "Mondariz"]
[Date "2011.04.20"]
[Round "5"]
[White "Fernandez Andrade, Antonio"]
[Black "Monmeneu Chulia, Vicente Juan"]
[Result "1/2-1/2"]
[WhiteElo "1825"]
[BlackElo "1978"]
[PlyCount "79"]
[EventDate "2011.04.16"]
[EventType "swiss"]
[EventRounds "8"]
[EventCountry "ESP"]
[SourceTitle "EXT 2012"]
[Source "ChessBase"]
[SourceDate "2011.11.24"]
[SourceVersion "1"]
[SourceVersionDate "2011.11.24"]
[SourceQuality "1"]

1. d4 Nf6 2. Nf3 g6 3. e3 Bg7 4. b3 0-0 5. Bb2 d6 6. Be2 Nbd7 7. Nc3 e5 8. dxe5 dxe5 9. Qd2 e4 10. Ng5 h6 11. Nh3 Ne5 12. 0-0-0 Bf5 13. Qxd8 Rfxd8 14. Nb5 Ne8 15. Nd4 Bg4 16. f3 exf3 17. Nxf3 Nc6 18. Nf2 Be6 19. Ne4 Bxb2+ 20. Kxb2 Rxd1 21. Rxd1 Rd8 22. Nd4 Nxd4 23. exd4 Bd5 24. Bf3 f5 25. Nd2 Nf6 26. c4 Bxf3 27. Nxf3 Ne4 28. Kc2 Kg7 29. d5 Kf6 30. Nd4 g5 31. Nb5 c6 32. dxc6 Rxd1 33. c7 Rd2+ 34. Kc1 a6 35. c8Q axb5 36. cxb5 Rxg2 37. Qh8+ Kg6 38. Qe8+ Kf6 39. Qf8+ Kg6 40. Qe8+ 1/2-1/2

[Event "Mondariz op 8th"]
[Site "Mondariz"]
[Date "2011.04.19"]
[Round "4"]
[White "Monmeneu Chulia, Vicente Juan"]
[Black "Feijoo Novoa, Carlos"]
[Result "1/2-1/2"]
[WhiteElo "1978"]
[BlackElo "2089"]
[PlyCount "61"]
[EventDate "2011.04.16"]
[EventType "swiss"]
[EventRounds "8"]
[EventCountry "ESP"]
[SourceTitle "EXT 2012"]
[Source "ChessBase"]
[SourceDate "2011.11.24"]
[SourceVersion "1"]
[SourceVersionDate "2011.11.24"]
[SourceQuality "1"]

1. d4 Nf6 2. c4 g6 3. Nc3 Bg7 4. e4 d6 5. Nf3 0-0 6. h3 Na6 7. Bg5 h6 8. Be3 e5 9. d5 Nh5 10. Nh2 Qe8 11. Be2 Nf4 12. Bf3 f5 13. h4 Nc5 14. Bxc5 dxc5 15. g3 fxe4 16. Nxe4 Nh5 17. Nf1 Bf5 18. Nfd2 Rd8 19. Qe2 b6 20. Bg2 a5 21. a4 Qd7 22. b3 Kh8 23. Rd1 Rde8 24. Bf3 Qf7 25. Rh2 Nf6 26. Nxf6 Bxf6 27. Be4 Be7 28. Qe3 Kg7 29. Ke2 Bd6 30. Rhh1 Be7 31. Rdg1 1/2-1/2

[Event "Benidorm op U2000 09th"]
[Site "Benidorm"]
[Date "2010.12.04"]
[Round "2"]
[White "Monmeneu Chulia, Vicente Juan"]
[Black "Marco Catala, Juan Bautista"]
[Result "1-0"]
[WhiteElo "1962"]
[BlackElo "1830"]
[PlyCount "47"]
[EventDate "2010.12.03"]
[EventType "swiss"]
[EventRounds "10"]
[EventCountry "ESP"]
[SourceTitle "CBM 139 Extra"]
[Source "ChessBase"]
[SourceDate "2011.01.05"]
[SourceVersion "1"]
[SourceVersionDate "2011.01.05"]
[SourceQuality "1"]

1. d4 Nf6 2. c4 g6 3. Nc3 Bg7 4. e4 d6 5. Nf3 0-0 6. h3 e5 7. d5 Nbd7 8. Bg5 h6 9. Be3 a6 10. g4 Ne8 11. Qd2 Kh7 12. Bd3 Nc5 13. Bc2 Qf6 14. Qe2 Qe7 15. Rg1 b5 16. b4 Nd7 17. cxb5 axb5 18. Nxb5 Ba6 19. Bd3 Rb8 20. Na7 Bxd3 21. Qxd3 Qf6 22. Bd2 Nb6 23. Nc6 Rb7 24. g5 1-0

[Event "ESP-ch blind 22nd"]
[Site "Benidorm"]
[Date "2010.11.15"]
[Round "2"]
[White "Sanchez Ruiz, Justo"]
[Black "Monmeneu Chulia, Vicente Juan"]
[Result "0-1"]
[WhiteElo "1772"]
[BlackElo "1962"]
[PlyCount "92"]
[EventDate "2010.11.14"]
[EventType "swiss"]
[EventRounds "8"]
[EventCountry "ESP"]
[SourceTitle "CBM 139 Extra"]
[Source "ChessBase"]
[SourceDate "2011.01.05"]
[SourceVersion "1"]
[SourceVersionDate "2011.01.05"]
[SourceQuality "1"]

1. e4 d5 2. exd5 Qxd5 3. Nc3 Qd6 4. d4 Nf6 5. Bc4 a6 6. Nge2 b5 7. Bf4 Qc6 8. Bb3 Qxg2 9. Rg1 Qb7 10. d5 c5 11. dxc6 Nxc6 12. Nd5 e5 13. Nxf6+ gxf6 14. Be3 Be6 15. Bxe6 fxe6 16. Nc3 h5 17. Ne4 Be7 18. Nd6+ Bxd6 19. Qxd6 Qd7 20. 0-0-0 0-0-0 21. Qc5 Qc7 22. Qb6 Rxd1+ 23. Rxd1 Qxb6 24. Bxb6 Kb7 25. Bc5 Nd4 26. Bxd4 exd4 27. Rxd4 Kc6 28. f4 Rg8 29. c3 Rg2 30. Rd2 Rg1+ 31. Kc2 Rf1 32. Re2 Kd6 33. Rd2+ Ke7 34. Rd4 Rf2+ 35. Kb3 Rxh2 36. a4 h4 37. axb5 axb5 38. Rb4 Rf2 39. Rxb5 Rxf4 40. Rh5 e5 41. c4 e4 42. Rh7+ Kd6 43. Ka4 e3 44. b4 e2 45. c5+ Ke6 46. Rh8 Re4 0-1